Praktické objektové programování v jazyce C# 4.0

Guardado en:
Detalles Bibliográficos
Autor principal: Hanák, Ján
Formato: Libro
Lenguaje:checo
Publicado: Brno Artax 2009
Colección:Microsoft Visual Studio
Materias:
Etiquetas: Agregar Etiqueta
Sin Etiquetas, Sea el primero en etiquetar este registro!

MARC

LEADER 00000nam$a2200000$$$4500
001 0107925
005 20240502083253.0
020 |a 978-80-87017-07-4 
041 0 |a cze 
044 |a CZ 
245 1 0 |a Praktické objektové programování v jazyce C# 4.0  |c Ján Hanák 
264 1 |a Brno  |b Artax  |c 2009 
300 |a 180 s. [8,33 AH] 
490 1 |a Microsoft Visual Studio 
830 0 |a Microsoft Visual Studio 
610 2 0 |a programovanie objektové 
610 2 0 |a jazyky programovacie 
610 2 0 |a programovanie 
610 2 0 |a softvér 
100 1 |a Hanák, Ján